| Tag |
First Indicator |
Second Indicator |
Subfields |
| LEADER |
00000cam a2200000 a 4500 |
| 001 |
in00001007282 |
| 005 |
20150927215057.0 |
| 008 |
910328s1991 fr a b 000 0dfre |
| 010 |
|
|
|a 91134979
|
| 020 |
|
|
|a 286744196X
|
| 035 |
|
|
|a (OCoLC)24016298
|
| 035 |
|
|
|9 AFD5708AM
|
| 040 |
|
|
|a DLC
|c DLC
|d TXA
|d UtOrBLW
|
| 043 |
|
|
|a e-fr---
|
| 049 |
|
|
|a TXAM
|
| 050 |
0 |
0 |
|a PQ2676.E67
|b Z75 1991
|
| 082 |
0 |
0 |
|a 848/.91409
|a B
|2 20
|
| 100 |
1 |
|
|a Lejeune, Philippe,
|d 1938-
|
| 245 |
1 |
3 |
|a La mémoire et l'oblique :
|b Georges Perec autobiographe /
|c Philippe Lejeune.
|
| 264 |
|
1 |
|a Paris :
|b P.O.L,
|c [1991]
|
| 264 |
|
4 |
|c ©1991
|
| 300 |
|
|
|a 251 pages :
|b illustrations ;
|c 21 cm.
|
| 336 |
|
|
|a text
|b txt
|2 rdacontent
|
| 337 |
|
|
|a unmediated
|b n
|2 rdamedia
|
| 338 |
|
|
|a volume
|b nc
|2 rdacarrier
|
| 504 |
|
|
|a Includes bibliographical references.
|
| 600 |
1 |
0 |
|a Perec, Georges,
|d 1936-1982.
|
| 650 |
|
0 |
|a Authors, French
|x Biography
|x History and criticism.
|
| 650 |
|
0 |
|a Autobiography.
|
| 999 |
|
|
|a MARS
|
| 999 |
f |
f |
|s 33fef039-ca29-3ec5-ad58-094cd8570178
|i 4ac5bbba-275a-3415-bda9-3910df424640
|t 0
|
| 952 |
f |
f |
|p normal
|a Texas A&M University
|b College Station
|c Sterling C. Evans Library
|d Evans: Library Stacks
|t 0
|e PQ2676.E67 Z75 1991
|h Library of Congress classification
|i unmediated -- volume
|m A14815391879
|
| 998 |
f |
f |
|a PQ2676.E67 Z75 1991
|t 0
|l Evans: Library Stacks
|